[Event "Brasschaat op 19th"]
[Site "Brasschaat"]
[Date "2019.08.20"]
[Round "4"]
[White "Dardha, Daniel"]
[Black "Oudewaal, Vincent"]
[Result "1-0"]
[WhiteElo "2424"]
[BlackElo "2070"]
[PlyCount "48"]
[EventDate "2019.08.17"]
[EventType "swiss"]
[EventRounds "9"]
[EventCountry "BEL"]
[SourceTitle "EXT 2020"]
[Source "ChessBase"]
[SourceDate "2019.10.17"]
[SourceVersion "1"]
[SourceVersionDate "2019.10.17"]
[SourceQuality "1"]

1. c4 e6 2. d4 d5 3. Nc3 c5 4. Nf3 Nc6 5. cxd5 exd5 6. g3 Nf6 7. Bg2 Be7 8. 0-0 0-0 9. Bg5 c4 10. Ne5 Be6 11. b3 h6 12. Bf4 Qa5 13. Nxc6 bxc6 14. Na4 Rac8 15. Qc2 Rfd8 16. Rfc1 c5 17. dxc5 Bxc5 18. Nxc5 Qxc5 19. bxc4 dxc4 20. Bb7 Ng4 21. Rf1 g5 22. Bxc8 Rxc8 23. Bd2 c3 24. Be1 Ne3 1-0

[Event "Brasschaat op 18th"]
[Site "Brasschaat"]
[Date "2018.08.20"]
[Round "3"]
[White "Dgebuadze, Alexandre"]
[Black "Oudewaal, Vincent"]
[Result "1-0"]
[WhiteElo "2505"]
[BlackElo "2070"]
[PlyCount "69"]
[EventDate "2018.08.18"]
[EventType "swiss"]
[EventRounds "9"]
[EventCountry "BEL"]
[SourceTitle "CBM 186 Extra"]
[Source "ChessBase"]
[SourceDate "2018.08.24"]
[SourceVersion "1"]
[SourceVersionDate "2018.08.24"]
[SourceQuality "1"]

1. c4 Nf6 2. Nc3 g6 3. g3 Bg7 4. Bg2 0-0 5. d3 c5 6. h4 h5 7. Bg5 Nc6 8. Qd2 a6 9. Nh3 Rb8 10. Rc1 Nd4 11. Bxf6 Bxf6 12. Ne4 Qb6 13. Nf4 d6 14. Nd5 Qd8 15. e3 Ne6 16. Ndxf6+ exf6 17. Qc3 Kg7 18. g4 hxg4 19. h5 Rh8 20. Nxf6 Qxf6 21. h6+ Rxh6 22. Qxf6+ Kxf6 23. Rxh6 Kg7 24. Rh2 Bd7 25. Kd2 b6 26. Kc3 f5 27. Bd5 Ng5 28. Rb1 a5 29. a3 Re8 30. b4 axb4+ 31. axb4 g3 32. Rg2 Nh3 33. Rxg3 Nxf2 34. bxc5 bxc5 35. Rb7 1-0

[Event "Leiden op-A 8th"]
[Site "Leiden"]
[Date "2014.07.11"]
[Round "1"]
[White "Oudewaal, Vincent"]
[Black "Stany, George Anthony"]
[Result "0-1"]
[WhiteElo "2060"]
[BlackElo "2399"]
[PlyCount "64"]
[EventDate "2014.07.11"]
[EventType "swiss"]
[EventRounds "9"]
[EventCountry "NED"]
[SourceTitle "CBM 161 Extra"]
[Source "ChessBase"]
[SourceDate "2014.08.29"]
[SourceVersion "1"]
[SourceVersionDate "2014.08.29"]
[SourceQuality "1"]

1. e4 c5 2. Nf3 Nc6 3. d4 cxd4 4. Nxd4 Nf6 5. Nc3 e5 6. Ndb5 d6 7. Bg5 a6 8. Na3 b5 9. Nd5 Be7 10. Bxf6 Bxf6 11. c3 0-0 12. Nc2 Bg5 13. h4 Bh6 14. a4 bxa4 15. Nce3 Ne7 16. Rxa4 Bxe3 17. Nxe3 Bb7 18. Qb3 Bc6 19. Rxa6 Bxe4 20. Qb4 Bc6 21. Bb5 Rb8 22. Ra5 Bxg2 23. Nxg2 Nc6 24. Bxc6 Rxb4 25. cxb4 Qb6 26. 0-0 Qxc6 27. Ne3 Qe4 28. Nd5 Qg4+ 29. Kh2 Qxh4+ 30. Kg2 f5 31. f4 Rc8 32. Rf2 Rc1 0-1

[Event "BEL-chT 1314"]
[Site "Belgium"]
[Date "2013.10.13"]
[Round "3.8"]
[White "Lenaerts, Lennert"]
[Black "Oudewaal, Vincent"]
[Result "1-0"]
[WhiteElo "2146"]
[BlackElo "1998"]
[PlyCount "65"]
[EventDate "2013.09.22"]
[EventType "team-tourn"]
[EventRounds "11"]
[EventCountry "BEL"]
[SourceTitle "CBM 156 Extra"]
[Source "ChessBase"]
[SourceDate "2013.10.22"]
[SourceVersion "1"]
[SourceVersionDate "2013.10.22"]
[SourceQuality "1"]
[WhiteTeam "Liege Crelel"]
[BlackTeam "Deurne"]
[WhiteTeamCountry "BEL"]
[BlackTeamCountry "BEL"]

1. d4 Nf6 2. c4 g6 3. Nc3 Bg7 4. e4 0-0 5. Be3 d6 6. f3 Nc6 7. Nge2 a6 8. Qd2 Rb8 9. Rc1 Bd7 10. Nd1 b5 11. c5 d5 12. e5 Ne8 13. Nf2 f6 14. f4 h5 15. g3 Be6 16. Bg2 Qd7 17. b4 Nd8 18. Qc2 Bf7 19. h3 c6 20. g4 hxg4 21. hxg4 f5 22. gxf5 Qxf5 23. Qc3 Qd7 24. f5 gxf5 25. Bf4 Ne6 26. Qh3 Bg6 27. Bf3 N8c7 28. Kd2 Qe8 29. Rcg1 Qf7 30. Kc3 Rfd8 31. Bh6 Nf8 32. Bxg7 Qxg7 33. Nf4 1-0

[Event "Delft Prinsenstad op-B"]
[Site "Delft"]
[Date "2012.04.08"]
[Round "6"]
[White "Oudewaal, Vincent"]
[Black "Beijen, Mark2222"]
[Result "1-0"]
[WhiteElo "1852"]
[BlackElo "1802"]
[PlyCount "57"]
[EventDate "2012.04.06"]
[EventType "swiss"]
[EventRounds "6"]
[EventCountry "NED"]
[SourceTitle "EXT 2013"]
[Source "ChessBase"]
[SourceDate "2012.11.22"]
[SourceVersion "1"]
[SourceVersionDate "2012.11.22"]
[SourceQuality "1"]

1. f4 e6 2. Nf3 d5 3. d3 Nf6 4. g3 c5 5. Bg2 Nc6 6. 0-0 Be7 7. c3 0-0 8. Qc2 d4 9. e4 dxe3 10. Bxe3 Nd5 11. Bf2 Qc7 12. a4 b6 13. Na3 a6 14. Rad1 Bb7 15. Rfe1 Rfd8 16. Nc4 Rac8 17. h4 b5 18. axb5 axb5 19. Nce5 Bf6 20. Ng4 Nce7 21. Qe2 Bxc3 22. bxc3 Nxc3 23. Qe5 Qxe5 24. Nfxe5 Bxg2 25. Rc1 Na4 26. Kxg2 f6 27. Nf3 Kf7 28. h5 Rxd3 29. Nfe5+ 1-0